000
00193 a2200097 4500
020
_a
9780822578116
041
_a
spa
100
_a
Nelson, Robin
245
_a
Como se mueven las cosas
942
_c
BK
999
_c
9336
_d
9336